01240cam a2200253 a 450000100100000000500170001000800410002704000250006808200210009324501030011426001470021730000280036449000650039250000580045750400280051560000430054365000320058665000330061865100640065170000570071583000750077295201240084799900150097100000714220200929154058.0890207s1987 ec a b f001 p spa  aDO-SdBNPbspacBNPHU a923.59866bV297E00aVargas Torres en la poesía y en la prosa /cantología compilada por Nelson Estupiñán Bass. aQuito, Ecuador :bComisión Nacional Permanente de Conmemoraciones Cívicas :bCasa de la Cultura Ecuatoriana "Benjamín Carrión",c1987. a140 p. :bil. ;c18 cm.1 aCasa de la Cultura Ecuatoriana "Benjamín Carrión"vno. 3 aPrimer centenario de la Muerte de Luis Vargas Torres. aBibliografía: p. 137.14aVARGAS TORRES, LUIS,d1855-1887919814 4aPoesía ecuatoriana913387 4aLiteratura ecuatoriana93938 4aEcuadorxHistoriay1830-1895xColecciones Literarias9198151 aEstupiñán Bass, Nelson,d1912-2002ecomp.919816 0aCasa de la Cultura Ecuatoriana "Benjamín Carrión" ;vno. 3.919817 001052708MOaGRbGRcCTd2009-09-04iLF1l0o923.59866 V297Ep7142-10r2020-06-25w2020-06-25y2ZPréstamo interno c6923d6923